[Event "SR 2. liga A 2013/2014"]
[Site "?"]
[Date "2013.10.19"]
[Round "1.1"]
[White "Sebo, Viktor"]
[Black "Dvorsky, Jozef"]
[Result "0-1"]
[WhiteElo "2039"]
[BlackElo "2013"]
[PlyCount "54"]
[EventDate "2013.??.??"]

1. e4 c5 2. Nf3 Nc6 3. d4 cxd4 4. Nxd4 e5 5. Nb5 a6 6. Nd6+ Bxd6 7. Qxd6 Qf6 8.
Qd1 Qg6 9. Nc3 d5 10. Nxd5 Qxe4+ 11. Ne3 Nf6 12. Bd3 Qh4 13. O-O O-O 14. c3 Be6
15. Qc2 Rac8 16. Bc4 Bxc4 17. g3 Nd4 18. cxd4 Qh3 19. Nxc4 Rxc4 20. Qe2 exd4
21. Re1 d3 22. Qxd3 Ng4 23. Be3 Qxh2+ 24. Kf1 Qh1+ 25. Ke2 Qc6 26. Kd1 Rc8 27.
Bd4 Rxd4 0-1

[Event "SR 2. liga A 2013/2014"]
[Site "?"]
[Date "2013.10.19"]
[Round "1.1"]
[White "Kantor, Reka"]
[Black "Sklars, Tomas"]
[Result "0-1"]
[WhiteElo "1946"]
[BlackElo "2004"]
[PlyCount "70"]
[EventDate "2013.??.??"]

1. e4 c5 2. Nf3 g6 3. d4 cxd4 4. Nxd4 Nc6 5. c4 Bg7 6. Be3 Nf6 7. Nc3 d6 8. Be2
O-O 9. O-O Be6 10. Rc1 Rc8 11. b3 a6 12. Qd2 Ne5 13. f3 Qc7 14. Rfd1 Rfe8 15.
Bf1 Nfd7 16. Qf2 Nc6 17. Rc2 Nb4 18. Rcc1 Nc6 19. Nd5 Qd8 20. Nxe6 fxe6 21. Nf4
Nf8 22. Rc2 Qc7 23. Bb6 Qb8 24. g3 e5 25. Ne2 Nd7 26. Be3 Nb4 27. Rcd2 a5 28.
Bh3 Rc7 29. Nc3 Nc5 30. Nd5 Nxd5 31. Rxd5 b6 32. Rb1 Rb7 33. Bd2 Qc7 34. a3 Rf8
35. b4 Nxe4 0-1

[Event "SR 2. liga A 2013/2014"]
[Site "?"]
[Date "2013.10.19"]
[Round "1.1"]
[White "Sahidi, Samir"]
[Black "Kosar, Mikulas ml"]
[Result "1/2-1/2"]
[WhiteElo "1885"]
[BlackElo "1881"]
[PlyCount "139"]
[EventDate "2013.??.??"]

1. c4 d5 2. cxd5 Qxd5 3. Nc3 Qa5 4. Nf3 Nf6 5. a3 c6 6. e3 e5 7. Rb1 Be7 8. b4
Qc7 9. Be2 Bf5 10. Ra1 O-O 11. O-O Nbd7 12. Bb2 Bd6 13. Rc1 a6 14. d3 Nb6 15.
e4 Bg4 16. Nd2 Bxe2 17. Qxe2 Qe7 18. Nc4 Nxc4 19. dxc4 a5 20. c5 Bc7 21. f3
axb4 22. axb4 Qe6 23. Ra1 Rad8 24. Rfd1 Rxd1+ 25. Qxd1 Rd8 26. Qe2 Nh5 27. Rd1
Rd7 28. g3 Kf8 29. b5 Ke7 30. b6 Bb8 31. Bc1 Rxd1+ 32. Nxd1 g6 33. Ne3 Ng7 34.
Qc4 Qd7 35. Kf2 h5 36. Ke1 Qh3 37. Nf1 Ne6 38. Be3 Qg2 39. Qe2 Qh3 40. Qa2 Nf8
41. Qa8 Qc8 42. Nd2 f5 43. Nb3 Ne6 44. Na5 f4 45. Bf2 fxg3 46. hxg3 Nd4 47.
Bxd4 exd4 48. f4 g5 49. e5 gxf4 50. gxf4 h4 51. Nc4 h3 52. Nd6 Qg8 53. Qxb7+
Ke6 54. Qxc6 Qg3+ 55. Kf1 Qxf4+ 56. Kg1 Qc1+ 57. Kh2 Kxe5 58. Qe4+ Kf6 59. Qf5+
Kg7 60. Qe5+ Kg6 61. Qe4+ Kg5 62. Qf5+ Kh6 63. Qxh3+ Kg6 64. Qg4+ Qg5 65. Qxg5+
Kxg5 66. Kg3 Kf6 67. Kf4 Ke6 68. b7 Kd5 69. Kf3 Kxc5 70. Nf7 1/2-1/2

[Event "SR 2. liga A 2013/2014"]
[Site "?"]
[Date "2013.10.19"]
[Round "1.2"]
[White "Takacs, Laszlo"]
[Black "Jacko, Vladimir"]
[Result "0-1"]
[WhiteElo "2130"]
[BlackElo "2281"]
[PlyCount "82"]
[EventDate "2013.??.??"]

1. e4 {0} e5 2. Nf3 d6 3. d4 exd4 4. Nxd4 Nf6 5. Nc3 Be7 6. Bd3 c5 7. Bb5+ Nbd7
8. Nf5 O-O 9. O-O Nb6 10. Nxe7+ Qxe7 11. Bg5 a6 12. Be2 Bd7 13. a4 Bc6 14. a5
Nbd7 15. f3 h6 16. Bh4 Ne5 17. Nd5 Bxd5 18. Bxf6 Qxf6 19. Qxd5 Ng6 20. g3 Qxb2
21. Bd3 Rac8 22. f4 c4 23. Bxc4 Ne7 24. Qd3 Qb4 25. Bb3 Rc3 26. Qe2 Qc5+ 27.
Qf2 Nc6 28. Qxc5 dxc5 29. Bd5 Nb4 30. Bxb7 Rb8 31. Bd5 Rxc2 32. Rf2 Rc3 33. Rd2
Kf8 34. Rad1 Rd8 35. e5 c4 36. Bb7 Rxd2 37. Rxd2 Rc1+ 38. Kg2 c3 39. Rd8+ Ke7
40. Rc8 c2 41. Be4 Rd1 0-1

[Event "SR 2. liga A 2013/2014"]
[Site "?"]
[Date "2013.10.19"]
[Round "1.2"]
[White "Janos, Martin"]
[Black "Rachela, Jozef"]
[Result "1-0"]
[WhiteElo "2213"]
[BlackElo "2078"]
[PlyCount "91"]
[EventDate "2013.??.??"]

1. e4 c5 2. Nc3 Nc6 3. f4 g6 4. Nf3 Bg7 5. Bc4 e6 6. O-O Nge7 7. a3 a6 8. Kh1
d6 9. d3 b5 10. Ba2 O-O 11. Ne2 d5 12. Qe1 Bb7 13. Qh4 Nd4 14. Nexd4 cxd4 15.
e5 Nf5 16. Qf2 Rc8 17. Bb3 f6 18. Bd2 fxe5 19. fxe5 a5 20. a4 b4 21. Nxd4 Bxe5
22. Nxe6 Qd6 23. Nxf8 Bxh2 24. Bf4 Bxf4 25. Qxf4 Ng3+ 26. Kh2 Nxf1+ 27. Rxf1
Qxf4+ 28. Rxf4 Rxf8 29. Kg3 Kg7 30. Rxf8 Kxf8 31. Kf4 Ke7 32. Ke5 Bc6 33. d4 h5
34. Bxd5 Bxa4 35. Be4 Be8 36. c4 bxc3 37. bxc3 a4 38. c4 h4 39. d5 a3 40. Bb1
g5 41. Kf5 Bg6+ 42. Kxg6 g4 43. c5 h3 44. d6+ Kd8 45. c6 h2 46. Bf5 1-0

[Event "SR 2. liga A 2013/2014"]
[Site "?"]
[Date "2013.10.19"]
[Round "1.2"]
[White "Merva, Frantisek"]
[Black "Certek, Pavel"]
[Result "0-1"]
[WhiteElo "2022"]
[BlackElo "2286"]
[PlyCount "70"]
[EventDate "2013.??.??"]

1. d4 Nf6 2. c4 g6 3. Nc3 d5 4. Qb3 dxc4 5. Qxc4 Bg7 6. Nf3 O-O 7. Bg5 Be6 8.
Qa4 c5 9. dxc5 Na6 10. Qa3 Qc8 11. Na4 Qc7 12. Rc1 Ne4 13. Be3 Qa5+ 14. Bd2
Nxd2 15. Nxd2 Rfd8 16. Nc3 Qxa3 17. bxa3 Nxc5 18. Ndb1 Rac8 19. Rd1 Rxd1+ 20.
Kxd1 Nd7 21. Kd2 Ne5 22. e3 Ng4 23. f3 Nxe3 24. g3 Nd5 25. Ne4 Nf6 26. Nec3 Nd5
27. Ne4 h6 28. Bd3 f5 29. Nf2 Kf7 30. Nd1 Nb6 31. Ndc3 Nc4+ 32. Bxc4 Bxc4 33.
Re1 Bd4 34. Ne2 Bf2 35. Rf1 Bb6 0-1

[Event "SR 2. liga A 2013/2014"]
[Site "?"]
[Date "2013.10.19"]
[Round "1.2"]
[White "Janos, Jozef"]
[Black "Partys, Petr"]
[Result "0-1"]
[WhiteElo "2123"]
[BlackElo "2007"]
[PlyCount "86"]
[EventDate "2013.??.??"]

1. d4 Nf6 2. Nf3 e6 3. c4 Bb4+ 4. Bd2 Qe7 5. Nc3 a5 6. e3 b6 7. Be2 Bb7 8. O-O
O-O 9. Qc2 d6 10. a3 Bxc3 11. Bxc3 Nbd7 12. Nd2 d5 13. Bf3 c5 14. Rfe1 Rfc8 15.
b3 Rc7 16. Qb2 Rac8 17. dxc5 Nxc5 18. Be2 dxc4 19. Nxc4 Ncd7 20. Bd4 b5 21.
Bxf6 Nxf6 22. Nxa5 Rc2 23. Qe5 R2c5 24. Qd4 Ba8 25. b4 Rg5 26. f3 Rd8 27. Qc3
Nd5 28. Qb3 Qf6 29. Rad1 Re8 30. Rd4 Qg6 31. Bf1 Qh5 32. f4 Rg6 33. Qd1 Qh3 34.
Qd3 f5 35. Re2 Rc8 36. g3 Rc1 37. Rc2 Re1 38. Qxb5 h5 39. Rc8+ Kh7 40. Rd8
Rxg3+ 41. hxg3 Qxg3+ 42. Kh1 Qf3+ 43. Kh2 Nxe3 0-1

[Event "SR 2. liga A 2013/2014"]
[Site "?"]
[Date "2013.10.19"]
[Round "1.2"]
[White "Edes, Zsofia"]
[Black "Fabry, Robert"]
[Result "1/2-1/2"]
[WhiteElo "2008"]
[BlackElo "2132"]
[PlyCount "67"]
[EventDate "2013.??.??"]

1. d4 Nf6 2. c4 e6 3. Nc3 d5 4. cxd5 exd5 5. Bg5 Nbd7 6. e3 c6 7. Bd3 Be7 8.
Qc2 h6 9. Bh4 O-O 10. Nge2 Re8 11. O-O Ne4 12. Bxe7 Qxe7 13. Rae1 Ndf6 14. f3
Nxc3 15. Nxc3 Qd6 16. Qf2 Rd8 17. Rd1 Be6 18. Na4 b6 19. Bb1 Rac8 20. Nc3 Qc7
21. Ne2 Re8 22. Nf4 Bd7 23. Rfe1 Qd6 24. Qd2 Re7 25. e4 dxe4 26. fxe4 Qb8 27.
e5 Nh7 28. Qd3 Nf8 29. Qg3 Be8 30. Nh5 Ng6 31. Nf4 Nf8 32. Nh5 Ng6 33. Nf4 Nf8
34. Nh5 1/2-1/2

[Event "SR 2. liga A 2013/2014"]
[Site "?"]
[Date "2013.10.19"]
[Round "1.2"]
[White "Mikulas, Dusan"]
[Black "Kahancova, Jana"]
[Result "1-0"]
[WhiteElo "2112"]
[BlackElo "1652"]
[PlyCount "65"]
[EventDate "2013.??.??"]

1. e4 e5 2. Nf3 Nc6 3. Bb5 a6 4. Ba4 Nf6 5. O-O d6 6. Re1 b5 7. Bb3 Be7 8. c3
Bg4 9. d3 O-O 10. h3 Bh5 11. Nbd2 Re8 12. Nf1 Bf8 13. Ng3 g6 14. Bg5 Bxf3 15.
Qxf3 Bg7 16. Bd5 Na7 17. Bxa8 c6 18. Bb7 Re6 19. Be3 Qb8 20. Bxa7 Qxb7 21. Be3
Nd7 22. d4 Nb6 23. Rad1 Qc7 24. Qe2 Nc4 25. d5 Re8 26. dxc6 Qxc6 27. Bc1 Rd8
28. Rd3 Qc7 29. Red1 a5 30. b3 Nb6 31. Ba3 Nc8 32. Rd5 Qb6 33. Qxb5 1-0

[Event "SR 2. liga A 2013/2014"]
[Site "?"]
[Date "2013.10.19"]
[Round "1.2"]
[White "Kahanec, Jan"]
[Black "Kolman, Richard"]
[Result "1/2-1/2"]
[WhiteElo "1693"]
[BlackElo "2072"]
[PlyCount "52"]
[EventDate "2013.??.??"]

1. e4 d6 2. Nc3 Nf6 3. Nf3 c6 4. d4 Bg4 5. Be2 e6 6. Bg5 Qa5 7. Bd2 Nbd7 8. h3
Bh5 9. Nd5 Qd8 10. Nxf6+ Nxf6 11. Bg5 h6 12. Bxf6 Qxf6 13. c3 Qd8 14. Nd2 Bxe2
15. Qxe2 Be7 16. O-O O-O 17. Rad1 Qd7 18. Nf3 f5 19. exf5 exf5 20. Rfe1 Rae8
21. b3 g6 22. c4 Bf6 23. Qd2 Kg7 24. d5 c5 25. Rxe8 Rxe8 26. Re1 Rxe1+ 1/2-1/2

[Event "SR 2. liga A 2013/2014"]
[Site "?"]
[Date "2013.10.19"]
[Round "1.2"]
[White "Klimes, Milan"]
[Black "Olle, Akos"]
[Result "1-0"]
[WhiteElo "1872"]
[BlackElo "1134"]
[PlyCount "81"]
[EventDate "2013.??.??"]

1. c4 Nf6 2. Nc3 e5 3. g3 g6 4. Bg2 Bg7 5. Nf3 Nc6 6. O-O b6 7. d4 exd4 8. Nxd4
Bb7 9. Nxc6 Bxc6 10. Bxc6 dxc6 11. Qxd8+ Rxd8 12. Bf4 Rc8 13. Rad1 O-O 14. Rd3
Nh5 15. Be3 Nf6 16. Rfd1 a6 17. a4 Rb8 18. Bf4 Rbc8 19. f3 Nh5 20. Be3 Nf6 21.
Bd4 Rcd8 22. Be5 Rc8 23. h3 Nh5 24. Bxg7 Kxg7 25. Kf2 Rb8 26. Rd7 Rb7 27. e4 b5
28. axb5 cxb5 29. cxb5 axb5 30. Nd5 Nf6 31. Rxc7 Rxc7 32. Nxc7 Rb8 33. b4 Rb7
34. Rc1 Nd7 35. f4 f5 36. exf5 gxf5 37. Ne8+ Kg6 38. Rc6+ Kh5 39. Kf3 Nb8 40.
g4+ fxg4+ 41. hxg4+ 1-0

[Event "SR 2. liga A 2013/2014"]
[Site "?"]
[Date "2013.10.19"]
[Round "1.3"]
[White "Danada, Tomas"]
[Black "Gabris, Ondrej"]
[Result "0-1"]
[WhiteElo "2099"]
[BlackElo "2243"]
[PlyCount "88"]
[EventDate "2013.??.??"]

1. d4 g6 2. e4 Bg7 3. Nc3 c5 4. d5 d6 5. Nf3 Nf6 6. Be2 O-O 7. O-O Na6 8. Re1
Nc7 9. a4 Bg4 10. h3 Bxf3 11. Bxf3 Nd7 12. Be2 b6 13. Bg5 a6 14. Qd2 Re8 15. h4
Rb8 16. Ra3 b5 17. axb5 axb5 18. Nd1 Ra8 19. Rh3 Ra1 20. h5 Qa8 21. hxg6 hxg6
22. c3 Qa4 23. Qf4 Nf6 24. Bf3 Nh7 25. Bh6 Be5 26. Qh4 Bf6 27. Qg4 b4 28. e5
dxe5 29. c4 Qc2 30. b3 Qf5 31. Qg3 Ng5 32. Bxg5 Qxg5 33. Qxg5 Bxg5 34. Rxe5 Bf6
35. Re3 Rd8 36. Rd3 Ne6 37. Rg3 Be5 38. Rg4 Nd4 39. Re4 f6 40. Bg4 Kg7 41. f4
Bd6 42. Re1 Rb1 43. g3 Ra8 44. Kf2 Ra2+ 0-1

[Event "SR 2. liga A 2013/2014"]
[Site "?"]
[Date "2013.10.19"]
[Round "1.3"]
[White "Varholakova, Niki"]
[Black "Petrik, Stanislav"]
[Result "1-0"]
[WhiteElo "2151"]
[BlackElo "2175"]
[PlyCount "125"]
[EventDate "2013.??.??"]

1. e4 c5 2. Nf3 Nc6 3. d3 g6 4. g3 Bg7 5. Bg2 e6 6. O-O Nge7 7. Nbd2 O-O 8. Re1
d5 9. c3 b6 10. e5 Qc7 11. Qe2 Ba6 12. Nf1 h6 13. h4 Rfd8 14. Bf4 b5 15. d4
cxd4 16. cxd4 Qa5 17. a3 Rac8 18. b4 Qb6 19. Qd2 Nf5 20. Red1 Kh7 21. Bh3 Rd7
22. Qd3 Rdc7 23. Bxf5 exf5 24. Rac1 Nd8 25. Rxc7 Rxc7 26. Ne3 Rd7 27. Nxf5 Ne6
28. Ne3 Bb7 29. h5 a6 30. Nh4 Nf8 31. g4 Kh8 32. hxg6 fxg6 33. Bg3 Qe6 34. f4
Kg8 35. f5 Qc6 36. f6 Bxf6 37. exf6 Qxf6 38. Rf1 Qg7 39. Be5 Qh7 40. Rf6 Rf7
41. Rd6 h5 42. g5 Rd7 43. Qf1 Rf7 44. Qh3 Rc7 45. Qf3 Qe7 46. Qf6 Qxf6 47. Bxf6
Rc3 48. Kf2 Rxa3 49. Rb6 Bc8 50. Rb8 Rc3 51. Nxd5 Rc2+ 52. Kg3 Kf7 53. Rb6 Bf5
54. Nxf5 gxf5 55. Rxa6 Ng6 56. Ra7+ Ke6 57. Nf4+ Nxf4 58. Kxf4 Rf2+ 59. Kg3 Rf1
60. Kg2 Rf4 61. Re7+ Kd5 62. Re3 h4 63. Kh3 1-0

[Event "SR 2. liga A 2013/2014"]
[Site "?"]
[Date "2013.10.19"]
[Round "1.3"]
[White "Petrik, Karol"]
[Black "Madar, Martin"]
[Result "0-1"]
[WhiteElo "2107"]
[BlackElo "2135"]
[PlyCount "50"]
[EventDate "2013.??.??"]

1. e4 d5 2. exd5 Nf6 3. Nf3 Nxd5 4. d4 g6 5. Be2 Bg7 6. O-O O-O 7. h3 Nc6 8. c4
Nb6 9. Be3 e5 10. d5 Ne7 11. Nc3 Nf5 12. Bg5 f6 13. Bd2 Re8 14. Ne4 Nd6 15.
Nxd6 cxd6 16. Bc3 f5 17. Re1 e4 18. Nd4 e3 19. fxe3 Rxe3 20. Bf1 Qe7 21. Qd2 f4
22. b3 Qg5 23. Rxe3 fxe3 24. Qd3 Bxh3 25. Re1 Rf8 0-1

[Event "SR 2. liga A 2013/2014"]
[Site "?"]
[Date "2013.10.19"]
[Round "1.3"]
[White "Janos, Ivan"]
[Black "Polacik, Igor"]
[Result "1-0"]
[WhiteElo "2105"]
[BlackElo "2168"]
[PlyCount "81"]
[EventDate "2013.??.??"]

1. e4 c5 2. Nf3 Nc6 3. d4 cxd4 4. Nxd4 g6 5. c4 Bg7 6. Nc2 Nf6 7. Nc3 d6 8. Be2
O-O 9. Be3 Be6 10. Rc1 Qa5 11. O-O Ne5 12. Nd5 Bxd5 13. exd5 Rfc8 14. b3 Qxa2
15. Ra1 Qxb3 16. Ra3 Qxa3 17. Nxa3 Ne4 18. Bd4 a6 19. f4 Nd7 20. Bxg7 Kxg7 21.
Qd4+ Nef6 22. g4 Kg8 23. g5 Ne8 24. Bg4 Rc7 25. Bxd7 Rxd7 26. f5 Ng7 27. f6 Nh5
28. Nc2 Rc8 29. Ne3 exf6 30. Ng4 Rdc7 31. Rxf6 Rxc4 32. Nh6+ Kh8 33. Qb2 Rc2
34. Qxb7 R2c7 35. Qxa6 Nxf6 36. gxf6 Rc1+ 37. Kf2 R1c2+ 38. Ke3 Re8+ 39. Kd3
Rxh2 40. Nxf7+ Kg8 41. Ng5 1-0

[Event "SR 2. liga A 2013/2014"]
[Site "?"]
[Date "2013.10.19"]
[Round "1.3"]
[White "Helbich, Branislav"]
[Black "Hartl, Jan"]
[Result "0-1"]
[WhiteElo "2050"]
[BlackElo "2094"]
[PlyCount "78"]
[EventDate "2013.??.??"]

1. e4 e5 2. Nf3 Nc6 3. Bb5 a6 4. Ba4 Nf6 5. O-O Nxe4 6. Re1 Nc5 7. Bxc6 bxc6 8.
d4 Ne6 9. Nxe5 Be7 10. c4 O-O 11. Nc3 f6 12. Nf3 d5 13. Qe2 Re8 14. Be3 Bf8 15.
Rad1 g6 16. c5 a5 17. Qd2 Ng7 18. h3 Be6 19. Ne2 Qd7 20. Nf4 Bf7 21. Nd3 a4 22.
Bh6 Ne6 23. Bxf8 Rxf8 24. Nc1 g5 25. Re3 Bg6 26. Rde1 Rfe8 27. Nh2 Ng7 28. Ng4
Kf7 29. Rf3 Rxe1+ 30. Qxe1 Nf5 31. Qd2 Re8 32. Nd3 Qe7 33. Nde5+ fxe5 34. Nxe5+
Kg7 35. Nxc6 Qe1+ 36. Qxe1 Rxe1+ 37. Kh2 Rd1 38. Ra3 Nxd4 39. Nxd4 Rxd4 0-1

[Event "SR 2. liga A 2013/2014"]
[Site "?"]
[Date "2013.10.19"]
[Round "1.3"]
[White "Srna, Jan"]
[Black "Krajnak, Robert"]
[Result "1/2-1/2"]
[WhiteElo "1960"]
[BlackElo "2045"]
[PlyCount "86"]
[EventDate "2013.??.??"]

1. d4 Nf6 2. Nf3 e6 3. a3 c5 4. e3 b6 5. b3 Bb7 6. c4 d6 7. Bb2 Be7 8. Bd3 O-O
9. Nc3 Nbd7 10. O-O Re8 11. Re1 h6 12. Rc1 a6 13. Bb1 Bf8 14. Nd2 Rc8 15. f3
cxd4 16. exd4 d5 17. Ba2 Bd6 18. Nf1 Nf8 19. Ne2 Ng6 20. Rc2 e5 21. dxe5 Nxe5
22. Nd4 dxc4 23. bxc4 Qc7 24. Kh1 Bc5 25. Ne3 Nc6 26. Nd5 Nxd5 27. Rxe8+ Rxe8
28. cxd5 Nxd4 29. Bxd4 Qd6 30. Bxc5 bxc5 31. g3 Re3 32. Rd2 Rxa3 33. Qb1 Bc8
34. Re2 Bd7 35. Qe4 Bb5 36. Rd2 Qf6 37. Bb1 g6 38. d6 Bd7 39. f4 Ra1 40. Kg2
Kg7 41. Bc2 Ra2 42. Qc4 Be6 43. Qxc5 Bd7 1/2-1/2

[Event "SR 2. liga A 2013/2014"]
[Site "?"]
[Date "2013.10.19"]
[Round "1.3"]
[White "Hajtmanek, Stanislav"]
[Black "Machalec, Vladimir"]
[Result "0-1"]
[WhiteElo "1782"]
[BlackElo "1958"]
[PlyCount "52"]
[EventDate "2013.??.??"]

1. d4 Nf6 2. Nf3 g6 3. e3 Bg7 4. c4 O-O 5. Nc3 d5 6. Be2 c6 7. O-O Nbd7 8. Re1
Qc7 9. Bd2 dxc4 10. Bxc4 e5 11. Rc1 e4 12. Ng5 Nb6 13. Bb3 Qe7 14. Qc2 Bf5 15.
Ne2 h6 16. Nh3 Bxh3 17. gxh3 Nfd5 18. a3 Rae8 19. Ng3 h5 20. f3 exf3 21. Qd3 h4
22. e4 hxg3 23. exd5 f2+ 24. Kf1 fxe1=Q+ 25. Bxe1 Qf6+ 26. Kg2 Rxe1 0-1

[Event "SR 2. liga A 2013/2014"]
[Site "?"]
[Date "2013.10.19"]
[Round "1.4"]
[White "Marosi, Csaba"]
[Black "Federic, Jozef"]
[Result "1/2-1/2"]
[WhiteElo "1999"]
[BlackElo "2269"]
[PlyCount "83"]
[EventDate "2013.??.??"]

1. e4 c5 2. Nf3 e6 3. d4 cxd4 4. Nxd4 Nf6 5. Nc3 Nc6 6. Ndb5 Bb4 7. a3 Bxc3+ 8.
Nxc3 d5 9. exd5 exd5 10. Bd3 O-O 11. O-O d4 12. Ne2 Bg4 13. f3 Bh5 14. Bg5 Re8
15. Nf4 Bg6 16. Nxg6 hxg6 17. Qd2 Qb6 18. Bxf6 gxf6 19. b3 Re3 20. f4 Kg7 21.
Qf2 Rh8 22. Rae1 Qc5 23. b4 Qh5 24. h3 Rhe8 25. b5 Nb8 26. Rxe3 Rxe3 27. Re1
Qc5 28. Kf1 Rxe1+ 29. Kxe1 Nd7 30. Ke2 Nb6 31. f5 Nd5 32. fxg6 fxg6 33. Qg3 g5
34. Qb8 Qe7+ 35. Kf1 b6 36. Qa8 Ne3+ 37. Kg1 f5 38. Qf3 Qf7 39. Qc6 Qe7 40. Qf3
Qf7 41. Qc6 Qe7 42. Qf3 1/2-1/2

[Event "SR 2. liga A 2013/2014"]
[Site "?"]
[Date "2013.10.19"]
[Round "1.4"]
[White "Skara, Vladimir"]
[Black "Veselsky, Jozef"]
[Result "1/2-1/2"]
[WhiteElo "2170"]
[BlackElo "2160"]
[PlyCount "66"]
[EventDate "2013.??.??"]

1. e4 c5 2. Nf3 Nc6 3. d4 cxd4 4. Nxd4 Nf6 5. Nc3 d6 6. Be2 g6 7. O-O Bg7 8.
Be3 O-O 9. Kh1 Bd7 10. f4 a6 11. a4 Rc8 12. Nb3 Na5 13. Nxa5 Qxa5 14. Qd2 Rxc3
15. Qxc3 Qxc3 16. bxc3 Nxe4 17. Bf3 Bc6 18. Bd4 e5 19. Rfe1 f5 20. fxe5 dxe5
21. Bxe4 Bxe4 22. Rxe4 fxe4 23. Be3 Rc8 24. Ra3 Bf8 25. Rb3 Bc5 26. Bxc5 Rxc5
27. Kg1 b5 28. axb5 axb5 29. Kf2 Kf7 30. Ke3 Ke6 31. Kxe4 Kd6 32. Kd3 Kd5 33.
Rb4 Kd6 1/2-1/2

[Event "SR 2. liga A 2013/2014"]
[Site "?"]
[Date "2013.10.19"]
[Round "1.4"]
[White "Darazs, Zoltan"]
[Black "Mydlarik, Martin"]
[Result "1/2-1/2"]
[WhiteElo "2108"]
[BlackElo "2112"]
[PlyCount "84"]
[EventDate "2013.??.??"]

1. e4 e6 2. d4 d5 3. Nc3 Bb4 4. e5 c5 5. a3 Bxc3+ 6. bxc3 Qc7 7. Qg4 Ne7 8.
Qxg7 Rg8 9. Qxh7 cxd4 10. Ne2 dxc3 11. f4 Nbc6 12. Qd3 Bd7 13. Nxc3 Nf5 14. Nb5
Qd8 15. g4 Rxg4 16. Bh3 Qh4+ 17. Kd1 Ncd4 18. Nxd4 Nxd4 19. Bd2 Rc8 20. Qxd4
Qxh3 21. Qe3 Qg2 22. Re1 Ba4 23. Ra2 b6 24. Qe2 Rc4 25. Qxg2 Rxg2 26. Re2 Rxe2
27. Kxe2 Bxc2 28. Rb2 Re4+ 29. Kf2 Bd3 30. Bc1 f6 31. exf6 Kf7 32. Rd2 Bc4 33.
Kf3 Kxf6 34. Rg2 Kf7 35. Bb2 a5 36. h4 Re1 37. Rg7+ Kf8 38. Rb7 Rf1+ 39. Kg4
Rg1+ 40. Kf3 Rf1+ 41. Kg4 Rg1+ 42. Kf3 Rf1+ 1/2-1/2

[Event "SR 2. liga A 2013/2014"]
[Site "?"]
[Date "2013.10.19"]
[Round "1.4"]
[White "Kundrak, Vladimir"]
[Black "Kalmar, Tamas"]
[Result "1/2-1/2"]
[WhiteElo "1945"]
[BlackElo "1974"]
[PlyCount "116"]
[EventDate "2013.??.??"]

1. b3 Nf6 2. Bb2 d5 3. e3 Bf5 4. Nf3 h6 5. Be2 e6 6. O-O Bd6 7. Ne5 Nbd7 8. f4
c6 9. d3 Qc7 10. Nxd7 Qxd7 11. Nd2 O-O-O 12. Nf3 Bc5 13. Qd2 Qe7 14. a3 Bg4 15.
b4 Bb6 16. a4 Rhg8 17. b5 cxb5 18. axb5 Nd7 19. d4 Bxf3 20. Bxf3 Nf6 21. c4
dxc4 22. Rfc1 Kb8 23. Rxc4 Qd7 24. Qb4 Rc8 25. Rac1 Rxc4 26. Rxc4 Rd8 27. Rc1
Qd6 28. Qb3 Rc8 29. Rxc8+ Kxc8 30. Ba3 Qc7 31. Kf2 g5 32. g3 gxf4 33. gxf4 h5
34. h3 Ba5 35. Bc5 Bb6 36. Bb4 h4 37. Qc3 Qxc3 38. Bxc3 Nd5 39. Be1 a6 40. bxa6
bxa6 41. Be2 a5 42. Kf3 Bd8 43. e4 Nb4 44. Bd1 f5 45. exf5 exf5 46. Bxb4 axb4
47. Bc2 Kd7 48. Bxf5+ Kd6 49. Be4 Bf6 50. Ke3 b3 51. Kd3 b2 52. Kc3 Bg7 53.
Kxb2 Bxd4+ 54. Kc2 Ke6 55. Kd3 Be5 56. f5+ Kf6 57. Ke3 Kg5 58. Kf3 Ba1 1/2-1/2

[Event "SR 2. liga A 2013/2014"]
[Site "?"]
[Date "2013.10.19"]
[Round "1.4"]
[White "Meszaros, Lorant"]
[Black "Sustak, Roman"]
[Result "1/2-1/2"]
[WhiteElo "2027"]
[BlackElo "1887"]
[PlyCount "53"]
[EventDate "2013.??.??"]

1. d4 Nf6 2. c4 d6 3. Nf3 g6 4. g3 Bg7 5. Bg2 O-O 6. O-O Nbd7 7. Nc3 e5 8. e4
exd4 9. Nxd4 Ne5 10. b3 Bd7 11. h3 Nc6 12. Be3 a6 13. Qd2 Re8 14. Nde2 Nh5 15.
g4 Nf6 16. Ng3 Rb8 17. a4 Be6 18. g5 Nd7 19. Rab1 Na5 20. f4 Nc5 21. f5 Ncxb3
22. fxe6 Nxd2 23. exf7+ Kh8 24. fxe8=Q+ Qxe8 25. Bxd2 Qe5 26. Nge2 Qc5+ 27. Kh1
1/2-1/2

[Event "SR 2. liga A 2013/2014"]
[Site "?"]
[Date "2013.10.19"]
[Round "1.4"]
[White "Hlubovic, Michal"]
[Black "Kalman, Miklos"]
[Result "1-0"]
[WhiteElo "1782"]
[BlackElo "1813"]
[PlyCount "36"]
[EventDate "2013.??.??"]

1. f4 d5 2. Nf3 c5 3. b3 Nc6 4. e3 Nf6 5. Bb2 e6 6. Bb5 Bd7 7. O-O Bd6 8. d3 a6
9. Bxc6 Bxc6 10. Ne5 Rc8 11. Nd2 Rg8 12. Ndf3 h6 13. h4 b5 14. Qe1 Bb7 15. g4
Bxe5 16. Nxe5 d4 17. e4 Qc7 18. Qg3 Nd7 1-0

[Event "SR 2. liga A 2013/2014"]
[Site "?"]
[Date "2013.10.19"]
[Round "1.4"]
[White "Szitasi, Janos"]
[Black "Soldan, Jan"]
[Result "1/2-1/2"]
[WhiteElo "1983"]
[BlackElo "1771"]
[PlyCount "55"]
[EventDate "2013.??.??"]

1. e4 c5 2. Nf3 d6 3. d4 cxd4 4. Nxd4 Nf6 5. Nc3 a6 6. Bc4 e6 7. O-O b5 8. Bd3
Bb7 9. a3 Be7 10. Be3 O-O 11. f4 Qc7 12. Qe2 Nc6 13. g4 Nxd4 14. Bxd4 e5 15.
fxe5 dxe5 16. Be3 Bc5 17. h3 Rac8 18. Kh2 Bxe3 19. Qxe3 Qd6 20. Ne2 Nd7 21. Ng3
Qg6 22. Nf5 Rfe8 23. c3 Nc5 24. Bc2 Qc6 25. Rae1 Re6 26. Qg5 g6 27. Ne7+ Rxe7
28. Qxe7 1/2-1/2

[Event "SR 2. liga A 2013/2014"]
[Site "?"]
[Date "2013.10.19"]
[Round "1.4"]
[White "Jezek, Filip"]
[Black "Szekely, Stefan"]
[Result "0-1"]
[WhiteElo "1173"]
[BlackElo "1907"]
[PlyCount "82"]
[EventDate "2013.??.??"]

1. e4 d6 2. d4 Nf6 3. Nc3 g6 4. Bg5 c6 5. d5 Qa5 6. Bxf6 exf6 7. Qd2 c5 8. Be2
Bg7 9. Bf3 Nd7 10. Nge2 Ne5 11. O-O Nxf3+ 12. gxf3 O-O 13. Qf4 Qa6 14. a4 Bd7
15. Nb5 f5 16. Rfb1 fxe4 17. fxe4 f5 18. Qxd6 Bxb5 19. Qxa6 Bxa6 20. Ng3 f4 21.
Nf1 Bxf1 22. Kxf1 Be5 23. f3 Rfd8 24. Ke2 Rac8 25. Ra2 Rd6 26. c4 g5 27. Kd3
Rh6 28. b4 b6 29. bxc5 Rxc5 30. Rb5 Rh3 31. Rf2 g4 32. Rxc5 bxc5 33. Ke2 Rxf3
34. Rxf3 gxf3+ 35. Kxf3 a5 36. Kg4 Kf7 37. h4 Kf6 38. h5 h6 39. Kh4 Bd6 40. Kg4
Ke5 41. Kf3 Bc7 0-1

[Event "SR 2. liga A 2013/2014"]
[Site "?"]
[Date "2013.10.19"]
[Round "1.5"]
[White "Slacky, Stanislav"]
[Black "Drtina, Milan"]
[Result "1/2-1/2"]
[WhiteElo "2208"]
[BlackElo "2135"]
[PlyCount "33"]
[EventDate "2013.??.??"]

1. d4 Nf6 2. c4 g6 3. Nf3 Bg7 4. g3 O-O 5. Bg2 c6 6. O-O d5 7. Na3 h6 8. Bd2
Be6 9. Rc1 Ne4 10. cxd5 Bxd5 11. Bf4 g5 12. Bxb8 Qxb8 13. Qc2 Qd6 14. Rfd1 f5
15. Nc4 Bxc4 16. Qxc4+ e6 17. Ne5 1/2-1/2

[Event "SR 2. liga A 2013/2014"]
[Site "?"]
[Date "2013.10.19"]
[Round "1.5"]
[White "Arendas, Marek"]
[Black "Bronis, Marian"]
[Result "1-0"]
[WhiteElo "2096"]
[BlackElo "2175"]
[PlyCount "75"]
[EventDate "2013.??.??"]

1. e4 c5 2. Nf3 e6 3. d4 cxd4 4. Nxd4 Nc6 5. Nxc6 bxc6 6. c4 Nf6 7. Bd3 {(=)}
e5 8. O-O Be7 9. Nc3 O-O 10. b3 d6 11. Bb2 Be6 12. Qe2 Nd7 13. Rad1 Qc8 14. Bb1
Nb6 15. Qe3 h6 16. f4 d5 17. f5 d4 18. Qg3 dxc3 19. Bxc3 Bxc4 20. bxc4 Nxc4 21.
f6 Bc5+ 22. Kh1 g5 23. Rf5 Be3 24. Rdf1 Kh7 25. Bxe5 Nxe5 26. Qxe3 Ng6 27. e5
Rb8 28. Be4 Rb2 29. R5f3 Rg8 30. Qxa7 Qe6 31. Bf5 Qxa2 32. Qxa2 Rxa2 33. e6 Re2
34. e7 c5 35. Rd3 c4 36. Rd8 c3 37. Bxg6+ Rxg6 38. e8=Q 1-0